| 000 | 00325nam a2200121Ia 4500 | ||
|---|---|---|---|
| 005 | 20260328101442.0 | ||
| 008 | 260328s9999||||xx |||||||||||||| ||und|| | ||
| 100 | _aNalé Roxlo, Conrado | ||
| 245 | 0 |
_aTodo en lineas : _b Los Dibujos de Steinberg / _cConrado Nalé Roxlo |
|
| 260 | _bSbril | ||
| 650 | _aDIBUJO LIBRE | ||
| 942 | _cBK | ||
| 999 |
_c8313 _d8313 |
||